000 00323nam a2200145Ia 4500
003 OSt
008 191201s2019 xx 000 0 und d
082 _a621.076
_bMAG
100 _aMADE EASY
245 0 _aGate 2020 Mechanical Engineering
260 _bMade Easy
300 _a787
650 _aB.Tech(ME)
942 _2ddc
_cBK
999 _c6871
_d6871